Faşizm : (Record no. 13725)

MARC details
000 -BAŞLIK
Sabit Uzunlukta Kontrol Alanı 01010nam a22002537a 4500
999 ## - SİSTEM KONTROL NUMARALARI (KOHA)
Koha Biblionumber 13725
Koha Biblioitemnumber 13725
003 - KONTROL NUMARASI IDENTIFIER
Denetim Alanı MIRAKIL
005 - SON İŞLEM TARİHİ VE ZAMANI
Denetim Alanı 20200122112548.0
008 - SABİT-BOY VERİ ELEMANLARI - GENEL BİLGİLER
Sabit Uzunlukta Kontrol Alanı 200122b tu ||||| |||| 00| 0 tur d
020 ## - ULUSLARARASI STANDART KİTAP NUMARASI
Uluslararası Standart Kitap Numarası 9789753510561
040 ## - KATALOGLAMA KAYNAK
Orijinal Kataloglama Ajansı TR-AnCHP
Metne Dönüştürmek Ajansı TR-AnCHP
041 ## - DİL KODU
Metin / Ses Parça Veya Ayrı Başlığın Dil Kodu tur
082 ## - DEWEY ONLU SINIFLANDIRMA NUMARASI
Sınıflandırma Numarası 320.533
Ürün Numarası B68f 2016
100 ## - ANA GİRİŞ - KİŞİSEL İSİM
Kişisel Ad Bourderon, Roger
245 10 - BAŞLIK TABLOSU
Başlık Faşizm :
Başlığın Kalan ideoloji ve uygulamalar, (faşizm, nazizm ve falanjizmin) karşılaştırmalı çözümleme denemesi/
Sorumluluk Tablosu, Vb Roger Bourderon ;çeviren: Kenan Somer
246 ## - UNVAN FORM VARYING
Başlık Doğru / Kısa Başlığı ideoloji ve uygulamalar, (faşizm, nazizm ve falanjizmin) karşılaştırmalı çözümleme denemesi/
250 ## - EDITION TABLOSU
Baskı Beyanı 2 bs.
260 ## - YAYIN, DAĞITIM, VB
Yayın, Dağıtım, Vb Yeri Ankara:
Yayıncı, Dağıtıcı, Vs Adı Onur yayınları,
Yayın, Dağıtım, Vb Tarihi 2016.
300 ## - FİZİKSEL TANIM
Kapsam 214 s.:
Boyutlar 19 sm.
500 ## - GENEL NOT
Genel Not Özgün yapıt adı: Le fascisme, ideologie et pratiques (essai d'analyse comparee)
504 ## - KAYNAKÇA VB NOT
Kaynakça Vb Notu Kaynakça vardır.
650 #0 - KONU KATMA GİRİŞ - TOPİKAL DÖNEM
9 (RLIN) 6224
Topikal Süreli Veya Coğrafi Ad Giriş Elemanı Faşizm
740 ## - KATMA GİRİŞ - KONTROLSUZ İLGİLİ / ANALİTİK BAŞLIK
Kontrol Edilmeyen / İlgili Analitik Başlıktaki ideoloji ve uygulamalar, (faşizm, nazizm ve falanjizmin) karşılaştırmalı çözümleme denemesi/
942 ## - EKLENDİ GİRİŞ ELEMANLARI (KOHA)
Sınıflandırma Veya Raf Düzeni Kaynak Dewey Decimal Classification
Koha Öğesi Türü Books
Holdings
Kalıcı Konum Mevcut Konum Edinme Tarihi Toplam Check-Out'Lar Tam Çağrı Numarası Barkod Tarih Son Görülme İtibaren Geçerli Fiyatlar Koha Öğesi Türü
CHP Kütüphanesi CHP Kütüphanesi 01/22/2020   320.533 B68f 2016 013505 01/22/2020 01/22/2020 Books